All the math you'll ever need : (Record no. 602)

MARC details
000 -LEADER
fixed length control field 00995cam a2200277 a 4500
005 - DATE AND TIME OF LATEST TRANSACTION
control field 20260322212026.0
008 - FIXED-LENGTH DATA ELEMENTS--GENERAL INFORMATION
fixed length control field data
010 ## - LIBRARY OF CONGRESS CONTROL NUMBER
LC control number 98037205
020 ## - INTERNATIONAL STANDARD BOOK NUMBER
International Standard Book Number 0471317519 (pbk. : alk. paper)
020 ## - INTERNATIONAL STANDARD BOOK NUMBER
International Standard Book Number 9780471317517 (pbk. : alk. paper)
040 ## - CATALOGING SOURCE
Original cataloging agency DLC
Transcribing agency DLC
Modifying agency DLC
050 00 - LIBRARY OF CONGRESS CALL NUMBER
Classification number QA39.2
Item number .S56 1999
082 00 - DEWEY DECIMAL CLASSIFICATION NUMBER
Classification number 510
Edition information 21
092 ## - LOCALLY ASSIGNED DEWEY CALL NUMBER (OCLC)
Classification number 510.21 S56 1999
001 - CONTROL NUMBER
control field data
100 1# - MAIN ENTRY--PERSONAL NAME
Personal name Slavin, Stephen L.
245 10 - TITLE STATEMENT
Title All the math you'll ever need :
Remainder of title a self-teaching guide /
Statement of responsibility, etc. Stephen L. Slavin.
250 ## - EDITION STATEMENT
Edition statement Rev. ed.
260 ## - PUBLICATION, DISTRIBUTION, ETC.
Place of publication, distribution, etc. New York :
Name of publisher, distributor, etc. Wiley,
Date of publication, distribution, etc. c1999.
300 ## - PHYSICAL DESCRIPTION
Extent x, 230 p. :
Other physical details ill. ;
Dimensions 24 cm.
504 ## - BIBLIOGRAPHY, ETC. NOTE
Bibliography, etc. note Includes bibliographical references (p. 227) and index.
650 #0 - SUBJECT ADDED ENTRY--TOPICAL TERM
Topical term or geographic name entry element Mathematics.
856 42 - ELECTRONIC LOCATION AND ACCESS
Materials specified Contributor biographical information
Uniform Resource Identifier <a href="http://www.loc.gov/catdir/bios/wiley042/98037205.html">http://www.loc.gov/catdir/bios/wiley042/98037205.html</a>
856 42 - ELECTRONIC LOCATION AND ACCESS
Materials specified Publisher description
Uniform Resource Identifier <a href="http://www.loc.gov/catdir/description/wiley033/98037205.html">http://www.loc.gov/catdir/description/wiley033/98037205.html</a>
856 4# - ELECTRONIC LOCATION AND ACCESS
Materials specified Table of Contents
Uniform Resource Identifier <a href="http://www.loc.gov/catdir/toc/onix04/98037205.html">http://www.loc.gov/catdir/toc/onix04/98037205.html</a>
Holdings
Withdrawn status Lost status Damaged status Not for loan Home library Current library Shelving location Date acquired Total checkouts Full call number Barcode Date last seen Price effective from Koha item type
        Franklin Franklin General stacks 22/03/2026   510 21 BC0010617 22/03/2026 22/03/2026 Books